000 01258nam a2200229Ia 4500
001 L910-40118
003 IT-CnALBA
008 170116s9999||||xx |||||||||||||| ||und||
040 _aIT-CnALBA
_cIT-CnALBA
041 _aITALIANO
100 _aCURATO FEDERICO
245 0 _aIL MILIONE. ENCICLOPEDIA. GEOGRAFIA. VOL. IX. USI E COSTUMI BELLE ARTI STORIA CULTURA. ASIA.
250 _a1a ed.
260 _a NOVARA
_bDE AGOSTINI ISTITUTO GEOGR.
_c1962 [1° Ed.:1962 - Ed.Ling.Originale: 1962]
300 _a687 p.
500 _aVALSECCHI M. PORZIO D. BONAPACE U. SORMANI G. GEDDO O. COLLABORATORI REDATTORI. VIETNAM MALESIA. SINGAPORE. ARCIPELAGO INDONESIANO. INDONESIA. BORNEO BRITANNICO. TIMOR. FILIPPINE. ARCIPELAGO GIAPPONESE. GIAPPONE. ISOLE RYUKYU. SINTESI DEL CONTINENTE. ELEN
501 _aSocietà San Paolo EM - Piazza San Paolo, 14 - 12051 ALBA (CN) (non commercial uses only) ® Copyright 2017
520 _aVALSECCHI M. PORZIO D. BONAPACE U. SORMANI G. GEDDO O. COLLABORATORI REDATTORI. VIETNAM MALESIA. SINGAPORE. ARCIPELAGO INDONESIANO. INDONESIA. BORNEO BRITANNICO. TIMOR. FILIPPINE. ARCIPELAGO GIAPPONESE. GIAPPONE. ISOLE RYUKYU. SINTESI DEL CONTINENTE. ELEN
650 _aDIZIONARI GEOGRAFICI
942 _cBK
957 _71
999 _a45072
_bNO
_g Copie: 1
_c299093
_d299093